| 000 | 00494cam a2200205ua 4500 | ||
|---|---|---|---|
| 001 | 3715 | ||
| 005 | 20260515113723.0 | ||
| 008 | 120204n ii |||gr||||Z||||||asm | ||
| 020 | _a81-7339-183-1 | ||
| 040 | _cMAIN | ||
| 082 | _a891.4514 | ||
| 100 | _aSaikia, Purnananda , | ||
| 245 | 1 | 1 |
_aSahitya darpan _cby Purnananda Saikia |
| 250 | _a1st. | ||
| 260 |
_aDibrugarh: _bBanalata,998. |
||
| 300 |
_a158p: _c23cm. |
||
| 653 | _aAssamese literature | ||
| 653 | _aSahitya darpan | ||
| 942 | _cBK | ||
| 999 |
_c3540 _d3540 |
||